| 000 -ლიდერი |
| ფიქსირებული სიგრძის საკონტროლო ველი |
01206nam a22002177a 4500 |
| 003 - საკონტროლო ნომრის იდენტიფიკატორი |
| საკონტროლო ველი |
Ge_BSU |
| 005 - ბოლო ოპერაციის თარიღი და დრო |
| საკონტროლო ველი |
20220621131602.0 |
| 008 - ფიქსირებული სიგრძის მონაცემთა ელემენტები - ზოგადი ინფორმაცია |
| ფიქსირებული სიგრძის საკონტროლო ველი |
220621s2018 ge ||||| |||| 00| 0 geo d |
| 020 ## - წიგნის საერთაშორისო სტანდარტული ნომერი |
| International Standard Book Number |
9789941255205 |
| 041 ## - ენის კოდი |
| Language code of text/sound track or separate title |
geo |
| 080 ## - უნივერსალური ათობითი კლასიფიკაციის ინდექსი |
| Universal Decimal Classification number |
338.244.018(075.8) ჯ-54 |
| 100 ## - მთავარი ჩანაწერი - პიროვნების სახელი |
| Personal name |
ჯიქია, მერაბ |
| 9 (RLIN) |
13241 |
| 245 ## - ცნობა სათაურის შესახებ |
| Title |
ეკონომიკური ანალიზი : |
| Remainder of title |
თეორია, მეთოდოლოგია, პრაქტიკა : [სახელმძღვანელო] / |
| Statement of responsibility, etc |
მერაბ ჯანიკოს ძე ჯიქია ; რედაქტორები: რევაზ გოგოხია, ზეინაბ გოგრიჭიანი. |
| 264 ## - წარმოების, გამოცემის, დისტრიბუციის და სხვა ცნობები |
| გამოცემის, წარმოების, დისტრიბუციის... ადგილი |
თბილისი : |
| გამოცემის, წარმოების, დისტრიბუციის... სახელწოდება |
მერიდიანი, |
| გამოცემის, წარმოების, დისტრიბუციის... თარიღი |
2018. |
| 300 ## - ფიზიკური აღწერა |
| Extent |
342 გვ. : |
| Other physical details |
ცხრ., სქ. ; |
| Dimensions |
28 სმ. |
| 504 ## - BIBLIOGRAPHY, ETC. NOTE |
| Bibliography, etc |
ბიბლიოგრაფია : გვ. 337-340. |
| 653 ## - INDEX TERM--UNCONTROLLED |
| Uncontrolled term |
ეკონომიკური ანალიზი |
| 700 ## - ADDED ENTRY--PERSONAL NAME |
| Personal name |
გოგოხია, რევაზ |
| Relator term |
რედაქტორი |
| 9 (RLIN) |
3350 |
| 700 ## - ADDED ENTRY--PERSONAL NAME |
| Personal name |
გოგრიჭიანი, ზეინაბ |
| Relator term |
რედაქტორი |
| 9 (RLIN) |
13245 |
| 942 ## - ADDED ENTRY ELEMENTS (KOHA) |
| Source of classification or shelving scheme |
|
| Koha item type |
წიგნი |